Normal view
MARC view
Entry Personal Name
001 - CONTROL NUMBER
- control field: 38237
003 - CONTROL NUMBER IDENTIFIER
- control field: OSt
005 - DATE AND TIME OF LATEST TRANSACTION
- control field: 20211105154421.0
008 - FIXED-LENGTH DATA ELEMENTS
- fixed length control field: 211105|| aca||aabn | a|a d
040 ## - CATALOGING SOURCE
- Original cataloging agency: OSt
- Transcribing agency: OSt
100 ## - HEADING--PERSONAL NAME
- Personal name: Gorosabel, J
670 ## - SOURCE DATA FOUND
- Source citation: Work cat.: (OSt): Castro-Tirado, A. J., ed. 38236, Gamma-ray Bursts: 15 Years of GRB Afterglows – Progenitors, Environments and Host Galaxies from the Nearby to the Early Universe, 2013